<?xml version="1.0" encoding="UTF-8"?>
<marc:record xmlns:marc="http://www.loc.gov/MARC21/slim">
   <marc:leader>00000nam a2200000 a 4500</marc:leader>
   <marc:datafield ind1="1" ind2=" " tag="100">
      <marc:subfield code="a">Scotton, Rob</marc:subfield>
      <marc:subfield code="4">aut</marc:subfield>
      <marc:subfield code="e">Verfasser/-in</marc:subfield>
   </marc:datafield>
   <marc:datafield ind1=" " ind2=" " tag="653">
      <marc:subfield code="a">Schaf</marc:subfield>
   </marc:datafield>
   <marc:datafield ind1="0" ind2="0" tag="245">
      <marc:subfield code="a">Russell, das schlaflose Schaf</marc:subfield>
   </marc:datafield>
   <marc:datafield ind1=" " ind2="1" tag="264">
      <marc:subfield code="b">Esslinger</marc:subfield>
      <marc:subfield code="c">2006</marc:subfield>
   </marc:datafield>
   <marc:datafield ind1="1" ind2=" " tag="520">
      <marc:subfield code="a">Angaben aus der Verlagsmeldung        Russell, das schlaflose Schaf Russell the sheep / von Rob Scotton     Eine Mütze voll Schlaf, das brauchen die Schafe in Hinterfroschhausen nach einem langen, arbeitsreichen Tag. Während sich der Rest der Herde bettfertig macht und bald friedlich einschlummert, ist Russell hellwach. Verzweifelt macht er sich auf die Suche nach dem Schlaf. Doch es ist entweder zu kalt oder zu warm, zu hell oder zu dunkel, zu unheimlich oder zu eng. Dann kommt Russell der rettende Einfall: Er könnte ja versuchen, sich in den Schlaf zu zählen  So wird Russell zum Einschlafhelfer für alle Kinder!</marc:subfield>
   </marc:datafield>
   <marc:datafield ind1=" " ind2=" " tag="020">
      <marc:subfield code="a">9783480221837</marc:subfield>
      <marc:subfield code="9">9783480221837</marc:subfield>
   </marc:datafield>
</marc:record>
